000 00613cam a2200205 4500500
005 20260329004043.0
041 _afre
042 _adc
100 1 0 _aLacroix, Samuel
_eauthor
245 0 0 _aTerre objective. Essais d’éthique environnementale
260 _c2018.
500 _a21
690 _aHolmes Rolston III
690 _aMartin Duru
690 _aNature
690 _aSauvage
690 _aWild
786 0 _nPhilosophie magazine | 119 | 5 | 2018-05-01 | p. 56-56 | 1951-1787
856 4 1 _uhttps://shs.cairn.info/magazine-philosophie-magazine-2018-5-page-56?lang=fr&redirect-ssocas=7080
999 _c1830175
_d1830175